| 000 | 00347 a2200145 4500 | ||
|---|---|---|---|
| 001 | 169582 | ||
| 020 | _a | ||
| 040 | _cMagnum | ||
| 100 | _aCobiaco, Fabio | ||
| 240 | 1 | 0 |
_aTv colosso: uma aventura na nova zelandia _lpor |
| 245 | 1 | 0 | _aTv colosso: uma aventura na nova zelandia |
| 362 | 0 | _a1899 | |
| 697 | _aIJ/AVENTURA, CRIANCAS | ||
| 942 | _cBK | ||
| 999 |
_c169582 _d169582 |
||